Normal view
MARC view
- PG Thesis MSCS | MSCS-20
Entry Topical Term
001 - CONTROL NUMBER
- control field: 121333
003 - CONTROL NUMBER IDENTIFIER
- control field: NUST
005 - DATE AND TIME OF LATEST TRANSACTION
- control field: 20240226133649.0
008 - FIXED-LENGTH DATA ELEMENTS
- fixed length control field: 240226|| aca||aabn | a|a d
040 ## - CATALOGING SOURCE
- Original cataloging agency: NUST
- Transcribing agency: NUST
150 ## - HEADING--TOPICAL TERM
- Topical term or geographic name entry element: PG Thesis MSCS | MSCS-20
670 ## - SOURCE DATA FOUND
- Source citation: Work cat.: (NUST): Mehmood, Kashif (MSCS-20) 121332, Automatic Filtration of Spams in Multilingual Short Messages on Mobile and Social Media /, September,2015
